000 00983cam a2200277 a 4500
003 OSt
005 20140310182432.0
008 100123s2011 maua b 001 0 eng
020 _a9780763781293
050 0 0 _aKF 2915
_b.Ab154 2011
100 1 _aAbood, Richard R.
_97612
245 1 0 _aPharmacy practice and the law /
_cRichard R. Abood.
250 _a6th ed.
260 _aSudbury, Mass. :
_bJones and Bartlett Publishers,
_cc2011.
300 _axiii, 458 p. :
_bill. ;
_c26 cm.
650 0 _aPharmacists
_xLegal status, laws, etc.
_zUnited States.
_97613
650 0 _aPharmacy
_xLaw and legislation
_zUnited States.
_97614
650 0 _aDrugs
_xLaw and legislation
_zUnited States.
_97615
650 1 2 _aLegislation, Pharmacy
_zUnited States.
_97616
650 2 2 _aEthics, Pharmacy
_zUnited States.
_97617
650 2 2 _aLegislation, Drug
_zUnited States.
_97618
650 2 2 _aLiability, Legal
_zUnited States.
_97619
942 _2lcc
_cSSLC
999 _c13378
_d13378